000 00684nam a22002177a 4500
003 UA-OsUOA
001 111528
007 ta
008 20150525b un ||||| |||| 00| 0 ukr d
100 _aЧечуліна І.О.
090 _a902
_bЧ-57
942 _cSA
040 _aUA-OsUOA
_bukr
_cUA-OsUOA
_dUA-OsUOA
245 _aДо історії вивчення аттичної чорнолаклвлї кераміки з Північного Причорномор'я
300 _aС.12-19
955 _a0
041 _aukr
080 _a902
773 0 _w111526
_tАрхеологія
_dК.
_d2015
_g1
650 7 _a9 Географія. Біографії. Історія
_2UDC
999 _c397640
_d397640